00557nam a2200181 a 45000010010000000030011000100080041000210350026000620820016000881000023001042450034001272600042001616500034002039420012002379520091002499980020003409990015003600000-9341ELIB.Books110520 2001  a(ELIB.Books)0000-9493 a259.6 bSmi aSmith, Harold Ivan aWhen your people are grieving bKansas City: Beacon Hill Press c2001 aPastoral Care of the Bereaved 2ddccBK 00102ddc4070aKBTSbKBTSd2011-05-20l0p10026r2022-01-22 00:00:00w2022-01-22yBK cbate2011-05-20 c9341d9341